Statistics for Asian Cities Name Changes

Click here to take the quiz!

General Stats

  • This quiz has been taken 15 times
  • The average score is 8 of 20

Answer Stats

CountryPrior NameAnswer% Correct
Republic of KoreaPusanBusan
100%
People's Rep. of ChinaPekingBeijing
100%
People's Rep. of ChinaChengtuChengdu
85%
Republic of KoreaInchŏnIncheon
77%
People's Rep. of ChinaNankingNanjing
77%
People's Rep. of ChinaTientsinTianjin
77%
People's Rep. of ChinaSianXi'an
69%
People's Rep. of ChinaChungkingChongqing
62%
Republic of KoreaTaeguDaegu
54%
Republic of KoreaTaejŏnDaejeon
38%
People's Rep. of ChinaSinkiangXinjiang
31%
People's Rep. of ChinaHeilungkiangHeilongjiang
15%
People's Rep. of ChinaCantonGuangdong
8%
Republic of ChinaTamsuiDanshui
8%
Republic of ChinaShih-linShilin
8%
SingaporePeck SanBishan
0%
SingaporeAo KangHougang
0%
SingaporeNee SoonYishun
0%
Republic of KoreaKyŏngjuGyeongju
0%
Republic of ChinaChung-chenZhongzhen
0%

Score Distribution

Percentile by Number Answered

Percent of People with Each Score

Your Score History

You have not taken this quiz